Hình tượng nhân vật chàng trai trẻ Christopher Johnson McCandless và hành trình đi tìm chân lý trong tiểu thuyết Tìm trong hoang dã của Jon Krakauer.
Nhà văn Jon Krakauer và tiểu thuyết Tìm trong hoang dã. Hành trình đi tìm lý tưởng của Christopher Johnson. McCandless trong tiểu thuyết Tìm trong hoang dã. Nghệ thuật xây dựng nhân vật trong tiểu thuyết Tìm trong hoang dã.
Сохранить в:
| Главный автор: | |
|---|---|
| Другие авторы: | |
| Формат: | |
| Язык: | Vietnamese |
| Опубликовано: |
Đà Nẵng
Đại học Sư phạm, Đại học Đà Nẵng
2012
|
| Предметы: | |
| Метки: |
Добавить метку
Нет меток, Требуется 1-ая метка записи!
|
| Thư viện lưu trữ: | Mạng thư viện Đại học Đà Nẵng |
|---|
| LEADER | 01904nam a2200349 4500 | ||
|---|---|---|---|
| 001 | 000016994 | ||
| 003 | 13405 | ||
| 005 | 20130117150132.0 | ||
| 008 | 130117s2012 viesd | ||
| 041 | 0 | |a vie | |
| 082 | |a 813 |b CA-N | ||
| 100 | 1 | |a Cao Thị Nga | |
| 245 | |a Hình tượng nhân vật chàng trai trẻ Christopher Johnson McCandless và hành trình đi tìm chân lý trong tiểu thuyết Tìm trong hoang dã của Jon Krakauer. |c Cao Thị Nga ; Đặng Thị Lan hướng dẫn |k Khóa luận tốt nghiệp | ||
| 260 | |a Đà Nẵng |b Đại học Sư phạm, Đại học Đà Nẵng |c 2012 | ||
| 300 | |a 50 tr. |c 29 cm. |e Đĩa CD, tài liệu tóm tắt | ||
| 500 | |a Khóa luận tốt nghiệp đại học. Chuyên ngành: Cử nhân văn học | ||
| 504 | |a Mục lục đầu trang, tài liệu tham khảo tr. 73 - 74, phụ lục [13 tr.] | ||
| 520 | |a Nhà văn Jon Krakauer và tiểu thuyết Tìm trong hoang dã. Hành trình đi tìm lý tưởng của Christopher Johnson. McCandless trong tiểu thuyết Tìm trong hoang dã. Nghệ thuật xây dựng nhân vật trong tiểu thuyết Tìm trong hoang dã. | ||
| 600 | 1 | 4 | |a Jon Krakauer |b Vua |c Đinh Tiên Hoàng |d 1954- |t Tìm trong hoang dã |
| 650 | 0 | 4 | |a Tiểu thuyết Mỹ |v Khóa luận tốt nghiệp |x Hình tượng nhân vật |x Nghiên cứu |
| 653 | |a Tiểu thuyết |a Khoa Ngữ văn | ||
| 700 | |a Đặng Thị Lan |e Hướng dẫn | ||
| OWN | |a LSP | ||
| AVA | |a UDN50 |b LSP |d 813 CA-N |e available |t Error 5001 Not defined in file expand_doc_bib_avail. |f 1 |g 0 |h N |i 0 |k 1 | ||
| 999 | |a From the UDN01 | ||
| AVA | |a UDN50 |b LSP |d 813 CA-N |e available |t Error 5001 Not defined in file expand_doc_bib_avail. |f 1 |g 0 |h N |i 0 |k 1 | ||
| TYP | |a Monograph | ||
| TYP | |a Printed language | ||
| 980 | |a Mạng thư viện Đại học Đà Nẵng | ||